000
00304nam a22001217a 4500
008
170504b xxu||||| |||| 00| 0 eng d
041
_a
eng
080
_a
34
100
_a
14
101
_a
SHJ
245
_a
PROCEEDINGS OF THE 10TH INTERNATIONAL CONGRESS ON CATALYSIS -PART A
_c
GUCZI, L
942
_2
udc
_c
BK
999
_c
12656
_d
12656